000 01088nam a2200181 a 4500
001 BRCA_9006
005 20190320210505.0
008 190717c--------sp-#######---#000-0#lat-#
041 _alat
084 _aCO92
_b.T54
245 1 0 _aTheologia fundamentalis
300 _a[10], 415 p.
_c21.5 x 16 cm
500 _aEstado físico: presenta encuadernación en pergamino con cintas rotas
500 _aCon marca de fuego: “Procedencia de la marca: Convento de Santiago de Tlatelolco, D.F.(1). Institución: Orden de Frailes Menores. Provincia del Santo Evangelio de México. Descripción: Inscrito en un rectándulo, monograma con las letras entrelazadas que conforman la palabra: TLATELOLCO. Observaciones: Carlos Krausse la cataloga como perteneciente al Colegio Imperial de la Santa Cruz, llamado también de San Buenaventura, en Santiago Tlatelolco, D.F. Ubicación de la marca en el libro: Canto superior”
856 _ahttp://www.marcasdefuego.buap.mx:8180/xmLibris/projects/firebrand/item.jsp?repository=marcas_de_fuego&key=4bce1746.xml&num=46
902 _aCFM
942 _2lcc
_cB
999 _c8657
_d8657